Names of United States' Aircraft Carriers - Statistics

General Stats
  • This quiz has been taken 38 times
  • The average score is 9 of 11
Answer Stats
launched carrier % Correct
1988 USS Abraham {Lincoln}
94%
1975 USS Dwight {D. Eisenhower}
94%
1990 USS George {Washington}
94%
2013 USS Gerald {R. Ford}
94%
2001 USS Ronald {Reagan}
94%
1996 USS Harry {S. Truman}
92%
1984 USS Theodore {Roosevelt}
89%
2006 USS George {H.W. Bush}
83%
1972 USS {Nimitz}
58%
1980 USS Carl {Vinson}
53%
1993 USS John {C. Stennis}
31%
No matching quizzes found
Score Distribution
Percent of People with Each Score
Percentile by Number Answered
Your Score History
You have not taken this quiz